USA Two Word States Quiz Stats

 Plays Quiz not verified by Sporcle

Score 0/10 Timer 01:00
0 Plays Today
State % Correct
New York
96.3%
South Dakota
95.4%
North Dakota
95%
North Carolina
95%
South Carolina
94.1%
New Jersey
92.2%
New Hampshire
89%
New Mexico
88.1%
West Virginia
81.7%
Rhode Island
70.3%

You're not logged in!

Compare scores with friends on all Sporcle quizzes.
OR
Log In

Show Comments

Extras

Top Quizzes Today


Score Distribution

Your Account Isn't Verified!

In order to create a playlist on Sporcle, you need to verify the email address you used during registration. Go to your Sporcle Settings to finish the process.

Report this User

Report this user for behavior that violates our Community Guidelines.

Details: